| 000 | 00902cab a2200265 4500 | ||
|---|---|---|---|
| 001 | WB2832-70 | ||
| 008 | 090401t1992 xxu||||| |||| 00| 0 eng d | ||
| 035 | _a(Sirsi) u643 | ||
| 041 | _aeng | ||
| 245 | _aLandlord able to claim lost rent | ||
| 260 | _c1992 | ||
| 350 | _a0 | ||
| 490 |
_aIndependent _v18 August 1992, 23(1) |
||
| 520 | _a"Harris and another v Hall" CA 31 July 1992. In dismissing an appeal by the defendant, it was decided that the plaintiff landlord was entitled to damages to cover rent lost through structural damage to the premises caused by the tenant`s negligence. | ||
| 650 | _aCAR SHOWROOMS | ||
| 650 | _aDAMAGES | ||
| 650 | _aLIABILITY | ||
| 650 | _aLOSS OF RENT | ||
| 650 | _aNEGLIGENCE | ||
| 650 | _aRUST V VICTORIA GRAVING DOCK CO 1887 | ||
| 650 | _aTENANTS | ||
| 690 | _aLANDLORD AND TENANT-CASE LAW-BUSINESS TENANCIES | ||
| 942 | _n0 | ||
| 948 | _c04/03/1997 | ||
| 999 |
_c320 _d320 |
||